000
00288nam a2200121Ia 4500
005
20251222141816.0
008
251222s9999||||xx |||||||||||||| ||spa||
020
_a
978-9972-40-395-8
082
_a
808.068.3/K82/7
100
_a
"Krings, Antoon"
245
0
_a
Andrés ciempiés
942
_c
LIB
999
_c
6626
_d
6626